01483nab a2200265 a 4500003000900000005001700009007000300026008004100029040003000070041000800100100005100108245006700159264013300226300001800359310001300377336002700390337003400417338002800451362003800479520050100517600009801018773006901116942001501185999001701200DO-SdBNP20260321073646.0ta250502e2009 dr m||p|r||||||0| z spa d aDO-SdBNPbspacBNPHUerda hspa1 aMota García, Fausto,d1955-931957edirector aUna antorcha para honrar al maestro / cFausto Mota García.  aSanto Domingo, República Dominicana : bInstituto Nacional de Formación y Capacitación del Magisterio, (INAFOCAM), c2009. apágina, 3.  aMensual. atextobtxt2rdacontent asin mediación bn2rdamedia avolumenbnc2rdacarrier aAño 1, No. 1, junio-julio 2009. aUna antorcha es una tea para alumbrar, que sirve de guía... como la antorcha olímpica que nació en Grecia, como la antorcha de la sabiduría levantada por el apóstol cubano José Martí, de la que dijo que "cada hombre debía serlo para los demás: antorcha que arda en el apasionamiento por un ideal; antorcha guía que encamine a los pueblos hacia rutas de bienestar común, antorcha que sirva, a su vez, para encender otros fuegos, inmortalizándose en generaciones de flamas".10a Bosch, Juan, d1909-2001vPublicaciones periódicasxMaestrozRepública Dominicana9765550 0588809323553o2025-3870tAntorcha educativa / w(DR-UNIBE)49574 2ddccISSUE c58920d58920